000 00830nam a2200205Ii 4500
003 JO-AjNU
008 230605s9999||||xx |||||||||||||| ||und||
017 _a2018/7/3331
040 _aJO-AjNU
_bara
_erda
_cJO-AjNU
041 _aara
050 1 4 _aHB61.B365.2020
100 3 _aبني هاني، عبدالرزاق,
_eauthor
_961366
245 0 0 _aلسان العرب الاقتصادي" معجم المصطلحات الاقتصادية والافكار والاسماء المتصلة بها" ج2=DICTIONARY OF ECONOMIC TERMS
264 3 1 _aعمان: مجمع اللغة العربية الاردني، 2020
300 _a568ص ج2
336 _atext
_btxt
_2rdacontent
337 _aunmediated
_bn
_2rdamedia
338 _avolume
_bnc
_2rdacarrier
650 4 _aالاقتصاد الاسلامي- معجم مصطلحات
_961367
999 _aA27735
_c31303
_d31303